NLSUI OPAC header image

Telangana people's struggle and its lessons/ (Record no. 31892)

MARC details
000 -LEADER
fixed length control field 01593nam a2200205Ia 4500
005 - DATE AND TIME OF LATEST TRANSACTION
control field 20260506110624.0
008 - FIXED-LENGTH DATA ELEMENTS--GENERAL INFORMATION
fixed length control field 160316s2006 xxu||||| |||| 00| 0 eng d
020 ## - INTERNATIONAL STANDARD BOOK NUMBER
International Standard Book Number 8175963166
082 ## - DEWEY DECIMAL CLASSIFICATION NUMBER
Classification number 322.4 SUN
100 ## - MAIN ENTRY--PERSONAL NAME
Personal name Sundarayya P
245 ## - TITLE STATEMENT
Title Telangana people's struggle and its lessons/
Remainder of title P Sundarayya
260 ## - PUBLICATION, DISTRIBUTION, ETC.
Place of publication, distribution, etc. Bangalore :
Name of publisher, distributor, etc. Foundations Press,
Date of publication, distribution, etc. 2006,
300 ## - PHYSICAL DESCRIPTION
Extent 458p
Dimensions vii
365 ## - TRADE PRICE
Price amount Rs. 695
505 ## - Contents
Contents ContentsPrefaceIntroductionPARTI1. Hyderabad State-its Socio-Political Background2 The Peasant Upsurge and Communist Party3. Armed Resistance Movement Against Nizam and Razakars4. Telangana People's Armed Liberation Struggle Against Nizam-its Achievements5. The Communist Movement in Andhra: Terror Regime-1948-1951PART II1. Entry of Indian Army and Immediately After2 Terror Regime and Resistance3. The Krishna Forest (Nallamala) Region4. The Godavari Forest Region5. Actions of Guerrilla Squads6. People's Upsurge in Karimnagar and other New Areas7. Movement in Cities and of the Working Class8. Struggle Inside Jails9. Women in the Telangana Movement10. Brief Sketches of Some of the Squad and Party Leaders: after the Entry of the Indian Army11. Withdrawal of Telangana Armed Partisan ResistanceEpiloguePART IIIAppendix IMartyrs of the StruggleNalgonda DistrictMahboobnagar DistrictAppendix IIThe Conditions of Agricultural Workers and of the Poor PeasantryAppendix IIIPresent Secret Organisation-Our TasksAppendix IVTales of Telangana
650 ## - SUBJECT ADDED ENTRY--TOPICAL TERM
Topical term or geographic name entry element Telengana Region - India
650 ## - SUBJECT ADDED ENTRY--TOPICAL TERM
Topical term or geographic name entry element Telengana - Politics & Government
700 ## - ADDED ENTRY--PERSONAL NAME
Personal name
--
942 ## - ADDED ENTRY ELEMENTS (KOHA)
Source of classification or shelving scheme Dewey Decimal Classification
Koha item type BOOKs
Holdings
Withdrawn status Lost status Source of classification or shelving scheme Damaged status Not for loan Home library Current library Shelving location Date acquired Cost, normal purchase price Total Checkouts Full call number Barcode Date last seen Price effective from Koha item type
    Dewey Decimal Classification     NLS NLS General Stacks 30/05/2017 695.00   322.4 SUN 28852 30/05/2017 30/05/2017 BOOKs